000 00709nam a22002177a 4500
003 UA-OsUOA
001 110101
007 ta
008 20150217b un ||||| |||| 00| 0 ukr d
100 _aІльків А.
090 _a82
_bИ99
942 _cSA
040 _aUA-OsUOA
_bukr
_cUA-OsUOA
_dUA-OsUOA
245 _aДеякі штрихи до епістолярного образу Тараса Шевченка (на матеріалі інтимного листування)
300 _aС.57-62
955 _a0
041 _aukr
080 _a82
773 0 _w110094
_tМандрівець
_dТернопіль
_d2014
_g6
650 7 _a82 Література. Літературознавство
_2UDC
999 _c396132
_d396132